000 00415nam a22001577a 4500
003 OSt
008 210915b ||||| |||| 00| 0 eng d
020 _a9789387973428
082 _a635
_bTYA/IM
245 _aImproved production Techniques
260 _aNew Delhi
_bNew india Publishing Agency
_c2019
300 _a159 pages
490 _aHi- Tech Horticulture vol.3
700 _aTyagi ,Sachin
_95064
942 _cBK
999 _c17434
_d17434